Dlhodobý hmotný majetok – zostatková cena hmotného majetku

Zostatková cena hmotného majetku je účtovnou aj daňovou kategóriou. Z rozdielnosti účtovných a daňových odpisov hmotného majetku vyplýva aj rozdielna účtovná a daňová zostatková cena hmotného majetku.

Gespeichert in:
Bibliographische Detailangaben
1. Verfasser: Gášpárová, Eva
Format: Buchkapitel
Sprache:Slowakisch
Schlagworte:
Tags: Tag hinzufügen
Keine Tags, Fügen Sie das erste Tag hinzu!

MARC

LEADER 00000naa a2200000 4500
001 0185551
005 20231208090401.9
041 0 |a slo 
044 |a SK 
245 1 0 |a Dlhodobý hmotný majetok – zostatková cena hmotného majetku  |c Eva Gášpárová 
520 |a Zostatková cena hmotného majetku je účtovnou aj daňovou kategóriou. Z rozdielnosti účtovných a daňových odpisov hmotného majetku vyplýva aj rozdielna účtovná a daňová zostatková cena hmotného majetku. 
610 2 0 |a majetok dlhodobý 
610 2 0 |a majetok hmotný 
610 2 0 |a ceny zostatkové 
610 2 0 |a odpisy daňové 
610 2 0 |a odpisy účtovné 
610 2 0 |a účtovníctvo podvojné 
100 1 |a Gášpárová, Eva